000 00857nam a2200265Ia 4500
003 OSt
005 20221005104623.0
006 a|||||r|||| 00| 0
007 ta
008 221004b |||||||| |||| 00| 0 hin d
020 _cIndian Rupees 220
024 _a70064
037 _bGift, 17/11/2021,
_cTextual
040 _aCRL
_cCRL
_bhin
041 _2hin
_ahin
082 _aQ1:24x, Q7
100 _aपाण्डेय, अखिलेख कुमार, ले.
_9159273
245 0 _aप्रणिधान
246 _aPraṇidhāna
260 _aदिल्ली
_bलिटरीड भारत
_c2017
300 _a102पृ0
_ccm.
650 _aधर्म
942 _hQ1:24x, Q7
_cTEXL
_2cc
999 _c1013269
_d1013269